The metaphysical system of Hobbes : in twelve chapters from Elements of philosophy concerning body, together with briefer extracts from Human nature and Leviathan /

Bibliographic Details
Main Author: Hobbes, Thomas, 1588-1679
Other Authors: Calkins, Mary Whiton, 1863-1930
Format: Book
Language:English
Published: La Salle, Ill. : Open Court Pub. Co., 1948.
Edition:2d edition.
Series:Philosophical classics. Religion of science library ; no. 57.

MARC

Tag First Indicator Second Indicator Subfields
LEADER 00000cam a2200000 4500
001 in00000018175
005 20151007053155.0
008 791019s1948 ilu 00000 eng d
035 |a (OCoLC)05541022 
035 |9 AAB0662AM 
040 |a VPI  |c VPI  |d m.c.  |d TXA  |d UtOrBLW 
049 |a TXAM  |c [A10798589] 
050 4 |a B1205  |b  1948 
100 1 |a Hobbes, Thomas,  |d 1588-1679. 
245 1 4 |a The metaphysical system of Hobbes :  |b in twelve chapters from Elements of philosophy concerning body, together with briefer extracts from Human nature and Leviathan /  |c selected by Mary Whiton Calkins. 
250 |a 2d edition. 
264 1 |a La Salle, Ill. :  |b Open Court Pub. Co.,  |c 1948. 
300 |a xxv, 187 pages ;  |c 21 cm. 
336 |a text  |b txt  |2 rdacontent 
337 |a unmediated  |b n  |2 rdamedia 
338 |a volume  |b nc  |2 rdacarrier 
490 1 |a Religion of science library ;  |v no. 57 
504 |a "Topical list of the writings of Hobbes": pages xviii-xxv. 
700 1 |a Calkins, Mary Whiton,  |d 1863-1930. 
830 0 |a Philosophical classics.  |p Religion of science library ;  |v no. 57. 
999 |a MARS 
999 f f |s 891a3057-c46b-3417-822f-b36d8256d5e5  |i b375a0fb-3aa3-3fdb-b2aa-7584cef910fc  |t 0 
952 f f |p ric  |a Texas A&M University  |b Rellis Campus  |c Joint Library Facility  |d Remote Storage  |t 0  |e B1205 1948  |h Library of Congress classification  |i unmediated -- volume  |m A14810798589 
998 f f |a B1205 1948  |t 0  |l Remote Storage